The home of mankind : (Record no. 13196)
[ view plain ]
| 000 -LEADER | |
|---|---|
| fixed length control field | 00876cam a2200253 i 4500 |
| 001 - CONTROL NUMBER | |
| control field | 10176785 |
| 003 - CONTROL NUMBER IDENTIFIER | |
| control field | EG-ScBUE |
| 005 - DATE AND TIME OF LATEST TRANSACTION | |
| control field | 20230808110807.0 |
| 008 - FIXED-LENGTH DATA ELEMENTS--GENERAL INFORMATION | |
| fixed length control field | 821001s1948 enkabf f 000 0 eng d |
| 040 ## - CATALOGING SOURCE | |
| Original cataloging agency | DLC |
| Language of cataloging | eng |
| Description conventions | rda |
| Transcribing agency | CarP |
| Modifying agency | DLC |
| -- | EG-ScBUE |
| 082 04 - DEWEY DECIMAL CLASSIFICATION NUMBER | |
| Edition number | 22 |
| Classification number | 911 |
| Item number | LOO |
| 100 1# - MAIN ENTRY--PERSONAL NAME | |
| Personal name | Van Loon, Hendrik Willem, |
| Dates associated with a name | 1882-1944, |
| Relator term | author. |
| 9 (RLIN) | 10622 |
| 245 14 - TITLE STATEMENT | |
| Title | The home of mankind : |
| Remainder of title | the story of the world we live in / |
| Statement of responsibility, etc | written and pictured by Hendrik Willem Van Loon. |
| 264 #1 - PUBLICATION, DISTRIBUTION, ETC. (IMPRINT) | |
| Place of publication, distribution, etc | London : |
| Name of publisher, distributor, etc | George G. Harrap & company, Ltd., |
| Date of publication, distribution, etc | 1948. |
| 300 ## - PHYSICAL DESCRIPTION | |
| Extent | 434 pages : |
| Other physical details | illustrations, maps, plats ; |
| Dimensions | 23 cm |
| 336 ## - CONTENT TYPE | |
| Source | rdacontent |
| Content type term | text |
| Content type code | txt |
| 337 ## - MEDIA TYPE | |
| Source | rdamedia |
| Media type term | unmediated |
| Media type code | n |
| 338 ## - CARRIER TYPE | |
| Source | rdacarrier |
| Carrier type term | volume |
| Carrier type code | nc |
| 500 ## - GENERAL NOTE | |
| General note | Includes Index. |
| 650 #7 - SUBJECT ADDED ENTRY--TOPICAL TERM | |
| Topical term or geographic name as entry element | Geography. |
| Source of heading or term | BUEsh |
| 9 (RLIN) | 10623 |
| 655 ## - INDEX TERM--GENRE/FORM | |
| Form subdivision | Reading book |
| 942 ## - ADDED ENTRY ELEMENTS (KOHA) | |
| Source of classification or shelving scheme | Dewey Decimal Classification |
| Koha item type | Book - Borrowing |
| Withdrawn status | Lost status | Source of classification or shelving scheme | Damaged status | Not for loan | Collection code | Home library | Current library | Shelving location | Date acquired | Source of acquisition | Total Checkouts | Full call number | Barcode | Date last seen | Price effective from | Koha item type | Public note |
|---|---|---|---|---|---|---|---|---|---|---|---|---|---|---|---|---|---|
| Dewey Decimal Classification | Donation-Gift | Central Library | Central Library | Second Floor | 24/01/2010 | Donation | 911 LOO | 000019609 | 15/07/2025 | 24/01/2010 | Book - Borrowing | Donated By: Alaa abdel ghaney. |